MARC details
| 000 -LEADER |
| fixed length control field |
00709cab a2200181 4500 |
| 001 - CONTROL NUMBER |
| control field |
ABS67520 |
| 008 - FIXED-LENGTH DATA ELEMENTS--GENERAL INFORMATION |
| fixed length control field |
040301n2004 000 0 eng u |
| 035 ## - SYSTEM CONTROL NUMBER |
| System control number |
(Sirsi) u125259 |
| 245 ## - TITLE STATEMENT |
| Title |
On course? |
| 260 ## - PUBLICATION, DISTRIBUTION, ETC. |
| Date of publication, distribution, etc. |
2004 |
| 490 ## - SERIES STATEMENT |
| Series statement |
Inside Housing |
| Volume/sequential designation |
21(5) 6 February 2004, 21-23(3) |
| 520 ## - SUMMARY, ETC. |
| Summary, etc. |
Reconvenes a panel of experts to pronounce on the progress of the communities plan one year on from their original assessments. Gives the government view of its communities plan achievements and provides a timeline mapping key developments. |
| 590 ## - LOCAL NOTE (RLIN) |
| Local note |
ABS |
| 650 ## - SUBJECT ADDED ENTRY--TOPICAL TERM |
| Topical term or geographic name entry element |
SUSTAINABLE COMMUNITIES: BUILDING FOR THE FUTURE |
| 650 ## - SUBJECT ADDED ENTRY--TOPICAL TERM |
| Topical term or geographic name entry element |
SUSTAINABLE COMMUNITIES |
| 690 ## - LOCAL SUBJECT ADDED ENTRY--TOPICAL TERM (OCLC, RLIN) |
| Topical term or geographic name as entry element |
HOUSING-DEVELOPMENT |
| 942 ## - ADDED ENTRY ELEMENTS (KOHA) |
| Suppress in OPAC |
0 |